000 00644pam a2200217 i 4500
001 3180979
005 20180809074547.0
008 761023s1977 paua b 001 0 eng
010 _a 76049436
020 _a0812105893
040 _aDLC
_cDLC
_dDLC
041 _aeng
080 _a618.921 MEY
082 0 0 _a618.921 MEY
100 1 _a8
101 _aPED
245 1 0 _aPediatric echocardiography /
_cRichard A. Meyer ; with chapters by Russel L. Uphoff, and with the assistance of Joan Korfhagen.
504 _aIncludes bibliographical references and index.
906 _a7
_bcbc
_corignew
_d1
_eocip
_f19
_gy-gencatlg
942 _2ddc
_cBK
999 _c46973
_d46973